00372nam a2200157Ia 4500008004100000041000800041082000800049100002900057245004200086250000800128260003400136300000800170542001500178551001300193650000800206220531s9999 xx 000 0 und d aeng bSHI aShinde, D. B. And Others aBusiness Regulatory Framework (m.law) a1ST aPunebIDOL Publicationsc2014 aQ-4 d15-12-2014 aCommerce alaw